000
00426nam a2200145Ia 4500
008
090122s9999 xx 000 0 und d
082
_b
10145
100
_a
शहा
_b
लीला
245
_a
डॉ. राजेंद्रसिंह
600
_a
शहा
630
_a
डॉ. राजेंद्रसिंह
700
_a
शहा
730
_a
डॉ. राजेंद्रसिंह
942
_c
BOOK
999
_c
34222
_d
34222